Rājasthānī sāhitya kā itihāsa. (Record no. 82684)

MARC details
000 -LEADER
fixed length control field 00849cam a2200241 a 4500
001 - CONTROL NUMBER
control field sa 68009053
003 - CONTROL NUMBER IDENTIFIER
control field DLC
005 - DATE AND TIME OF LATEST TRANSACTION
control field 20260227112539.0
008 - FIXED-LENGTH DATA ELEMENTS--GENERAL INFORMATION
fixed length control field 981223s1968 ii 000 0 hin
010 ## - LIBRARY OF CONGRESS CONTROL NUMBER
LC control number sa 68009053
Canceled/invalid LC control number 98234079
040 ## - CATALOGING SOURCE
Original cataloging agency DLC
Transcribing agency DLC
Modifying agency DLC
041 0# - LANGUAGE CODE
Language code of text/sound track or separate title hinraj
050 00 - LIBRARY OF CONGRESS CALL NUMBER
Classification number PK2708
Item number .M4
100 1# - MAIN ENTRY--PERSONAL NAME
Personal name Menaria, Purushottamlal,
Dates associated with a name 1923-
245 10 - TITLE STATEMENT
Title Rājasthānī sāhitya kā itihāsa.
Statement of responsibility, etc. Lekhaka Purushottamalāla Menāriyā.
250 ## - EDITION STATEMENT
Edition statement [1. saṃsakaraṇa].
260 ## - PUBLICATION, DISTRIBUTION, ETC.
Place of publication, distribution, etc. Jayapura,
Name of publisher, distributor, etc. Maṅgala Prakāśana
Date of publication, distribution, etc. [1968].
300 ## - PHYSICAL DESCRIPTION
Extent 23, 295 p. ;
Dimensions 22 cm.
546 ## - LANGUAGE NOTE
Language note In Hindi; some quotations in Rajasthani, with explanations in Hindi.
500 ## - GENERAL NOTE
General note Biographical sketch of the author: p. [293]-295.
504 ## - BIBLIOGRAPHY, ETC. NOTE
Bibliography, etc. note Includes bibliographical footnotes and index.
650 #0 - SUBJECT ADDED ENTRY--TOPICAL TERM
Topical term or geographic name entry element Rajasthani literature
General subdivision History and criticism.

No items available.

Powered by Koha